000 00544cam a22002171 4500
001 sa 66003350
003 DLC
005 20260227112235.0
008 890925s1964 ii 000 0 malo
010 _asa 66003350
035 _a(OCoLC)20390333
040 _aDLC
_cWaU
_dDLC
042 _apremarc
050 0 0 _aPL4718.9.B215
_bA65
100 2 _aBalakrishna Pillai, Kottarakkara G.
245 1 0 _aĀ svarggaṃ enikku vēṇṭa.
260 _a[n.p.,
_c1964]
300 _a128 p.
_c19 cm.
500 _aIn Malayalam.
500 _aA play.
999 _c68831
_d68831